000 00793nam a2200241Ia 4500
005 20220621145233.0
008 210716s2008 xx 000 0 und d
020 _a9788181282828
040 _cAIMIT LIBRARY
041 _aeng
082 _a003
_21
_bKASH
100 _aKasana, Harvir Singh.
_944177
245 _aIntroductory operations research :
_btheory and applications /
_cBy Harvir Singh Kasana ; Krishna Dev Kumar.
250 _a1st ed.
260 _aNew Delhi :
_bSpringer ,
_c2008.
300 _ax,581p.;
_bPB
_c23.5 cm.
650 _aGeometry of linear programming
_944178
650 _aSimplex algorithm
_944242
650 _aTransportation problem
_944243
650 _aDynamic programming
_944244
700 _aKumar, Krishna Dev.
_944179
942 _2ddc
_cBK
_e1st
_k003 KASH
999 _c188819
_d188819